Les plus grandes villes du Grand Est. - Statistiques

Statistiques générales
  • Ce quiz a été pris 15 494 fois
    15 339 depuis la dernière actualisation
  • Le résultat moyen est 12 sur 27
Réponses sur la Carte
Les réponses sont colorées sur une échelle allant du rouge au vert en fonction du pourcentage des utilisateurs qui les ont devinées à leur premier essai. Vous pouvez retrouver ces pourcentages ci-dessous.
 
Statistiques - réponses
Population Ville % Correct
284 677 Strasbourg
98%
116 581 Metz
92%
104 885 Nancy
89%
108 942 Mulhouse
81%
182 211 Reims
81%
68 703 Colmar
79%
61 996 Troyes
63%
46 391 Charleville-Mézières
57%
32 223 Épinal
56%
44 246 Châlons-en-Champagne
47%
40 477 Thionville
44%
17 161 Verdun
43%
21 990 Chaumont
36%
34 789 Haguenau
34%
22 330 Épernay
29%
19 724 Saint-Dié-des-Vosges
29%
19 360 Sélestat
29%
21 652 Forbach
28%
23 382 Saint-Dizier
28%
20 820 Sarreguemines
28%
18 027 Lunéville
26%
26 830 Illkirch-Graffenstaden
23%
33 069 Schiltigheim
23%
21 646 Saint-Louis
21%
30 009 Vandœuvre-lès-Nancy
20%
21 749 Montigny-lès-Metz
15%
18 930 Lingolsheim
10%
Aucun quiz correspondant
Distribution des résultats
% des personnes avec chaque résultat
Percentile par nombre de réponses
Votre historique - résultats
Vous n’avez pas pris ce quiz depuis la dernière actualisation